000
00284nam a2200097Ia 4500
082
_a
J 616.9 MORG
245
0
_a
Germ killers : fighting disease
100
_a
MORGAN, Sally Chicago, Ill., [c.2009] Rev. and updated
942
_c
BK
008
210817s9999 xx 000 0 und d
999
_c
393152
_d
393151